Medzinárodné účtovné štandardy: Účtovníctvo vo svete. Účtovanie a vykazovanie o dlhodobom hmotnom majetku US GAAP

Dlhodobý hmotný majetok v účtovnej závierke podnikov podľa amerických účtovných štandardov. Prehľad súčasných platných predpisov.

Salvato in:
Dettagli Bibliografici
Autore principale: Tumpach, Miloš, 1970-
Natura: Capitolo di libro
Lingua:slovacco
Soggetti:
Tags: Aggiungi Tag
Nessun Tag, puoi essere il primo ad aggiungerne!!

MARC

LEADER 00000nla$a2200000$$$4500
001 0045445
005 20240502071527.4
041 0 |a slo 
044 |a SK 
245 1 0 |a Medzinárodné účtovné štandardy: Účtovníctvo vo svete. Účtovanie a vykazovanie o dlhodobom hmotnom majetku US GAAP  |c Miloš Tumpach 
520 |a Dlhodobý hmotný majetok v účtovnej závierke podnikov podľa amerických účtovných štandardov. Prehľad súčasných platných predpisov. 
610 2 0 |a majetok hmotný 
610 2 0 |a majetok dlhodobý 
610 2 0 |a účtovanie 
610 2 0 |a štandardy účtovné medzinárodné 
610 2 0 |a výkazníctvo účtovné 
610 2 0 |a predpisy 
610 2 0 |a US GAAP 
100 1 |a Tumpach, Miloš, 1970-